[Event "GRE-ch U14"]
[Site "Rio Achaia"]
[Date "2018.07.07"]
[Round "7"]
[White "Michalis, Vasileios"]
[Black "Tzavaras, Spyridon"]
[Result "1-0"]
[WhiteElo "1421"]
[BlackElo "1321"]
[PlyCount "105"]
[EventDate "2018.07.03"]
[EventType "swiss"]
[EventRounds "9"]
[EventCountry "GRE"]
[SourceTitle "EXT 2019"]
[Source "ChessBase"]
[SourceDate "2018.10.10"]
[SourceVersion "1"]
[SourceVersionDate "2018.10.10"]
[SourceQuality "1"]

1. d4 d5 2. c4 c6 3. cxd5 cxd5 4. Bg5 h6 5. Bh4 Bf5 6. e3 Nd7 7. Nc3 Ngf6 8. Bd3 Bxd3 9. Qxd3 e6 10. Nge2 Be7 11. 0-0 0-0 12. f3 Rc8 13. Rac1 a6 14. Rc2 b5 15. Rfc1 Nb6 16. b3 Qd7 17. Nb1 Rxc2 18. Rxc2 Rc8 19. Rxc8+ Qxc8 20. Qc3 g5 21. Bg3 Qxc3 22. Nbxc3 Kg7 23. Nc1 Bb4 24. Nb1 Nbd7 25. Nd3 Be7 26. Nc3 Kg6 27. a4 b4 28. Na2 Bd8 29. Naxb4 a5 30. Nc6 Bb6 31. Be1 Ne8 32. Bxa5 Bxa5 33. Nxa5 Nd6 34. Nc6 Nb6 35. a5 Na8 36. Kf1 Kg7 37. Ke2 Kf8 38. Kd2 Ke8 39. Kc3 Kd7 40. Nce5+ Kc7 41. Ng4 h5 42. Ngf2 Nb7 43. Kb4 f6 44. Nc5 Nd8 45. Kb5 e5 46. Nfd3 exd4 47. exd4 Nc6 48. Ne6+ Kd7 49. Ndc5+ Kd6 50. b4 Nb8 51. Ng7 h4 52. Nf5+ Kc7 53. Na6+ 1-0

[Event "GRE-ch Schools Gymnasia-A 30th"]
[Site "Peristeri"]
[Date "2018.04.01"]
[Round "6"]
[White "Tzavaras, Spyridon"]
[Black "Kalamoukos, Grigorios"]
[Result "1-0"]
[WhiteElo "1237"]
[BlackElo "1569"]
[PlyCount "69"]
[EventDate "2018.04.01"]
[EventType "swiss (rapid)"]
[EventRounds "9"]
[EventCountry "GRE"]
[SourceTitle "EXT 2019"]
[Source "ChessBase"]
[SourceDate "2018.10.10"]
[SourceVersion "1"]
[SourceVersionDate "2018.10.10"]
[SourceQuality "1"]

1. e4 c6 2. d4 d5 3. e5 Bf5 4. h4 h5 5. c4 e6 6. Nc3 Ne7 7. Nf3 g6 8. Bg5 Bg7 9. b3 Na6 10. a3 Nc7 11. Qd2 0-0 12. 0-0-0 a6 13. Be2 b5 14. c5 Qd7 15. Rdg1 Rfb8 16. Nd1 Ra7 17. Nh2 b4 18. a4 Kf8 19. g4 hxg4 20. Nxg4 Ke8 21. h5 gxh5 22. Rxh5 Bg6 23. Rh2 Kd8 24. Rgh1 Kc8 25. Bf6 Nf5 26. Nde3 Ne8 27. Nxf5 Bxf5 28. Bxg7 Nxg7 29. Nf6 Qe7 30. Rh8+ Kc7 31. Rxb8 Kxb8 32. Qxb4+ Rb7 33. Rh8+ Ka7 34. Qa5 Bd3 35. Bxd3 1-0

[Event "GRE-chT 45th"]
[Site "Achaia"]
[Date "2017.07.05"]
[Round "4.5"]
[White "Spyratos, Nikolaos"]
[Black "Tzavaras, Spyridon"]
[Result "1/2-1/2"]
[WhiteElo "1514"]
[BlackElo "1281"]
[PlyCount "104"]
[EventDate "2017.07.03"]
[EventType "team-swiss"]
[EventRounds "7"]
[EventCountry "GRE"]
[SourceTitle "CBM 179 Extra"]
[Source "ChessBase"]
[SourceDate "2017.08.23"]
[SourceVersion "1"]
[SourceVersionDate "2017.08.23"]
[SourceQuality "1"]
[WhiteTeam "Panionios GA"]
[BlackTeam "Pine AO"]
[WhiteTeamCountry "GRE"]
[BlackTeamCountry "GRE"]

1. e4 c5 2. Nc3 Nc6 3. g3 g6 4. Bg2 Bg7 5. d3 e6 6. Nge2 Nge7 7. 0-0 0-0 8. Be3 Nd4 9. Rb1 Nec6 10. a3 a6 11. Na2 Rb8 12. c3 Nxe2+ 13. Qxe2 d6 14. Rbd1 Qe7 15. d4 cxd4 16. cxd4 Bd7 17. Qd2 Rfc8 18. b4 b5 19. f4 Qf8 20. Nc1 Rc7 21. Nb3 Rbc8 22. Rc1 Ne7 23. h3 Bc6 24. Rc2 Bb7 25. Rfc1 Rxc2 26. Rxc2 Rxc2 27. Qxc2 Qc8 28. Qxc8+ Bxc8 29. e5 d5 30. g4 Kf8 31. Bf1 Ke8 32. Nc5 Kd8 33. Bd2 Kc7 34. Kf2 Kb6 35. Ke3 Ka7 36. Bd3 Kb6 37. Bc2 Ka7 38. a4 Kb6 39. a5+ Ka7 40. Nd3 Bh8 41. Nf2 Bg7 42. h4 Kb7 43. Nh1 Kc7 44. Ng3 Bh6 45. Nf1 Bg7 46. Nh2 Kd8 47. Nf3 Bh6 48. Kd3 Ke8 49. Kc3 Kf8 50. Bd3 Kg8 51. Ne1 Kf8 52. Nc2 Kg8 1/2-1/2

[Event "GRE-ch U12"]
[Site "Achaia"]
[Date "2017.06.29"]
[Round "5"]
[White "Gavalakis, Dimitrios"]
[Black "Tzavaras, Spyridon"]
[Result "1/2-1/2"]
[WhiteElo "1149"]
[BlackElo "1321"]
[PlyCount "93"]
[EventDate "2017.06.26"]
[EventType "swiss"]
[EventRounds "9"]
[EventCountry "GRE"]
[SourceTitle "EXT 2018"]
[Source "ChessBase"]
[SourceDate "2017.10.13"]
[SourceVersion "1"]
[SourceVersionDate "2017.10.13"]
[SourceQuality "1"]

1. e4 c5 2. c3 d5 3. exd5 Qxd5 4. d4 e6 5. Nf3 Nf6 6. Be3 cxd4 7. cxd4 Be7 8. Nc3 Qd6 9. a3 Nc6 10. Bd3 0-0 11. 0-0 b6 12. Bb1 Bb7 13. Ne4 Qd8 14. Nxf6+ Bxf6 15. Qd3 g6 16. Rd1 Rc8 17. Bh6 Bg7 18. Bxg7 Kxg7 19. Qe3 Qf6 20. Ne5 Rfd8 21. Be4 Na5 22. Rac1 Bxe4 23. Rxc8 Rxc8 24. Qxe4 Nc4 25. Rc1 Nd6 26. Qe1 Rxc1 27. Qxc1 Nf5 28. Qc4 Qh4 29. Nf3 Qe4 30. Qc1 Nxd4 31. Nxd4 Qxd4 32. g3 e5 33. b4 b5 34. Qc6 Qc4 35. Qa6 Qc7 36. Qxb5 Qc1+ 37. Kg2 Qxa3 38. Qxe5+ Kh6 39. Qc5 Kg7 40. Qd4+ Kg8 41. Qd8+ Kg7 42. Qd4+ Kh6 43. Qh4+ Kg7 44. Qd4+ f6 45. Qd7+ Kh6 46. Qh3+ Kg7 47. Qd7+ 1/2-1/2

[Event "GRE-ch U12"]
[Site "Achaia"]
[Date "2017.06.29"]
[Round "6"]
[White "Tzavaras, Spyridon"]
[Black "Kalamoukos, Grigorios"]
[Result "0-1"]
[WhiteElo "1321"]
[BlackElo "1331"]
[PlyCount "58"]
[EventDate "2017.06.26"]
[EventType "swiss"]
[EventRounds "9"]
[EventCountry "GRE"]
[SourceTitle "EXT 2018"]
[Source "ChessBase"]
[SourceDate "2017.10.13"]
[SourceVersion "1"]
[SourceVersionDate "2017.10.13"]
[SourceQuality "1"]

1. e4 c6 2. d4 d5 3. e5 Bf5 4. h4 h5 5. c4 e6 6. Nc3 Nd7 7. Nge2 dxc4 8. Ng3 Ne7 9. Bxc4 Nb6 10. Be2 g6 11. Bg5 Bg7 12. Bxh5 gxh5 13. Nxh5 Rxh5 14. Qxh5 Qxd4 15. f4 Bd3 16. Qf3 Nc4 17. 0-0-0 Nxb2 18. Rxd3 Nxd3+ 19. Kc2 Nb4+ 20. Kb3 Nbd5 21. Nxd5 Nxd5 22. h5 c5 23. Rc1 b5 24. h6 Bh8 25. Rd1 c4+ 26. Kc2 Ne3+ 27. Kc1 Qc3+ 28. Kb1 Qc2+ 29. Ka1 Qxd1+ 0-1

[Event "GRE-ch U10"]
[Site "Rio Achaia"]
[Date "2015.06.30"]
[Round "7.10"]
[White "Tzavaras, Spyridon"]
[Black "Kalogeris, Ioannis1111"]
[Result "1-0"]
[WhiteElo "1169"]
[BlackElo "1079"]
[PlyCount "51"]
[EventDate "2015.06.26"]
[EventType "swiss"]
[EventRounds "9"]
[EventCountry "GRE"]
[SourceTitle "EXT 2024"]
[Source "ChessBase"]
[SourceDate "2023.10.10"]
[SourceVersion "1"]
[SourceVersionDate "2023.10.10"]
[SourceQuality "1"]

1. e4 c5 2. Nf3 d6 3. d4 cxd4 4. Nxd4 Nf6 5. f3 Nc6 6. c4 g6 7. Nc3 Bg7 8. Be3 0-0 9. Be2 Bd7 10. 0-0 a6 11. Qd2 e6 12. Rfd1 Rc8 13. Rac1 Ne5 14. b3 Qe7 15. Bg5 Qe8 16. Nc2 Rc6 17. Be3 a5 18. Nb5 Qb8 19. Nxd6 b6 20. h3 Ne8 21. Nb5 Nc7 22. f4 Nxb5 23. cxb5 Rc3 24. fxe5 Bxe5 25. Qxd7 Bh2+ 26. Kh1 1-0

[Event "GRE-ch U10"]
[Site "Rio Achaia"]
[Date "2015.06.29"]
[Round "5.11"]
[White "Tzavaras, Spyridon"]
[Black "Papaioannou, Charalampos"]
[Result "1-0"]
[WhiteElo "1169"]
[BlackElo "1008"]
[PlyCount "69"]
[EventDate "2015.06.26"]
[EventType "swiss"]
[EventRounds "9"]
[EventCountry "GRE"]
[SourceTitle "EXT 2024"]
[Source "ChessBase"]
[SourceDate "2023.10.10"]
[SourceVersion "1"]
[SourceVersionDate "2023.10.10"]
[SourceQuality "1"]

1. e4 e5 2. Nf3 Nc6 3. Bc4 Bc5 4. d3 d6 5. c3 Nf6 6. Bb3 h6 7. 0-0 Qe7 8. h3 Be6 9. Bc2 g5 10. d4 Bc4 11. dxc5 Bxf1 12. cxd6 Be2 13. Qxe2 Qxd6 14. Nbd2 0-0-0 15. Nc4 Qe6 16. Bb3 Qe7 17. a4 Rdg8 18. Nh2 h5 19. Ne3 Qd7 20. Nd5 Qd6 21. Qf3 Rh6 22. Qf5+ Nd7 23. Be3 f6 24. Rd1 Ne7 25. Nxe7+ Qxe7 26. Bxg8 Qg7 27. Be6 Rh7 28. Bxd7+ Kb8 29. Be8 Qe7 30. Rd7 Qxe8 31. Qxh7 b6 32. Rxc7 Qxa4 33. Rb7+ Ka8 34. Qc7 Qd1+ 35. Nf1 1-0

[Event "Petroupoli-ch"]
[Site "Petropouli"]
[Date "2014.01.25"]
[Round "1"]
[White "Tzavaras, Spyridon"]
[Black "Mastrokostopoulos, Ioannis"]
[Result "1-0"]
[WhiteElo "1194"]
[BlackElo "1000"]
[PlyCount "76"]
[EventDate "2014.01.25"]
[EventType "swiss"]
[EventRounds "7"]
[EventCountry "GRE"]
[SourceTitle "EXT 2015"]
[Source "ChessBase"]
[SourceDate "2014.11.20"]
[SourceVersion "1"]
[SourceVersionDate "2014.11.20"]
[SourceQuality "1"]

1. e4 d5 2. exd5 Qxd5 3. Nf3 Qa5 4. Nc3 Nf6 5. d4 Bf5 6. Bd2 e6 7. a3 Nc6 8. Nb5 Qb6 9. c4 Ne4 10. c5 Nxc5 11. dxc5 Bxc5 12. Qe2 0-0 13. Be3 a6 14. Nxc7 Qxc7 15. Bxc5 Rfd8 16. Qc4 b5 17. Qc3 Qa5 18. b4 Qc7 19. Be2 a5 20. 0-0 Be4 21. Bxb5 axb4 22. axb4 Qb7 23. Bxc6 Qxc6 24. Rxa8 Rxa8 25. Bd4 f6 26. Qxc6 Bxc6 27. Rc1 Bb7 28. Rc7 e5 29. Rxb7 exd4 30. h4 h5 31. Nxd4 Re8 32. b5 Re4 33. Nc6 g5 34. hxg5 fxg5 35. b6 Re1+ 36. Kh2 h4 37. Re7 Rc1 38. b7 Rb1 1-0

[Event "Petroupoli ASOP Dias Seniors op"]
[Site "Petroupoli"]
[Date "2013.01.26"]
[Round "2.19"]
[White "Tzavaras, Spyridon"]
[Black "Hrysogelou, Athanasia Panagiota"]
[Result "1-0"]
[WhiteElo "1005"]
[BlackElo "1325"]
[PlyCount "87"]
[EventDate "2013.01.19"]
[EventType "swiss"]
[EventRounds "7"]
[EventCountry "GRE"]
[SourceTitle "EXT 2024"]
[Source "ChessBase"]
[SourceDate "2023.10.10"]
[SourceVersion "1"]
[SourceVersionDate "2023.10.10"]
[SourceQuality "1"]

1. e4 c5 2. Nf3 d6 3. d4 cxd4 4. Nxd4 Nf6 5. Nc3 a6 6. Bc4 e6 7. 0-0 b5 8. Bb3 Be7 9. a4 b4 10. Na2 a5 11. f3 Qb6 12. Be3 Qd8 13. Qd3 0-0 14. c3 bxc3 15. Nxc3 Ba6 16. Bc4 e5 17. Nf5 Bxc4 18. Qxc4 Qd7 19. Nd5 Nxd5 20. Qxd5 Na6 21. Rac1 Nb4 22. Qb5 Qe8 23. b3 Kh8 24. Qe2 Qd7 25. Qf2 Nd3 26. Qg3 g6 27. Nxe7 Nxc1 28. Bxc1 Qxe7 29. Bg5 Qe6 30. Qh4 f6 31. Bh6 g5 32. Qh5 Qf7 33. Qg4 Rfb8 34. Rb1 Rxb3 35. Rxb3 Qxb3 36. Qd7 Qb6+ 37. Kf1 Qa6+ 38. Ke1 Qa7 39. Qxd6 Qf7 40. Qc6 Rb8 41. Qd6 Rb1+ 42. Kf2 Qg6 43. Qd8+ Qg8 44. Qxf6+ 1-0